| 000 | 00494nam a2200169 a 4500 | ||
|---|---|---|---|
| 005 | 20240913063955.0 | ||
| 008 | 991125s1975 mx 000 0 spa u | ||
| 035 | _aUPN01000033772 | ||
| 049 | _aCG | ||
| 050 | 4 |
_aJL1298 R4 _bL66.3 1975 |
|
| 100 | 1 |
_aLópez Portillo y Pacheco, José, _d1920-2004 |
|
| 245 | 1 | 0 |
_aA la victoria por la unidad / _cJosé López Portillo y Pacheco. |
| 260 |
_aMéxico : _bPRI, _c1975. |
||
| 300 | _a8 p. | ||
| 600 | 1 | 0 |
_aLópez Portillo, José _928985 |
| 905 | _aLibro | ||
| 999 |
_c33772 _d33772 |
||